00576nam a2200157 a 4500008004100000020001500041050001400056100002200070245005200092260002500144300000900169350000900178995009200187999001700279952012200296120416s1994 ||||||||||||||||| || u a1779050143 aHB 71 Nab aNabundere, Dani W14aThe impact of East-West rapprochement on Africa aHarare:bSAPESc1994 a7p.: a0.00 FCBU-MAIN LIBRARY (Kitwe)I0.00M1UAVAILABLEWMar 14, 2013ZAnnex Low-Usage Collection  c46255d46255 00102lcc4070a001b001cAnnex Low-Usage Collection d2022-11-30l0oHB 71 Nabp024064r2022-11-30w2022-11-30y002